Les quartiers de Besançon par habitants - Statistiques

Statistiques générales
  • Ce quiz a été pris 154 fois
  • Le résultat moyen est 7 sur 14
Statistiques - réponses
Classement Nombre d'habitants (en 2018) Réponse % Correct
1 18 141 Planoise - Chateaufarine
98%
6 10 659 La Boucle (Centre Ville)
78%
5 10 824 Palente - Orchamps - Saragosse
70%
10 4 082 Battant
56%
4 13 320 Montrapon - Montboucons
46%
11 3 246 Bregille
44%
3 15 373 Saint-Claude - Torcols
43%
12 2 458 Velotte
41%
2 15 853 Les Chaprais
39%
9 5 534 Vaîtes - Clairs-Soleils
37%
8 6 803 Saint-Ferjeux
33%
7 8 067 La Butte
30%
13 2 415 Les Tilleroyes
30%
14 0 Forêt de Chailluz
24%
Aucun quiz correspondant
Distribution des résultats
% des personnes avec chaque résultat
Percentile par nombre de réponses
Votre historique - résultats
Vous n’avez pas pris ce quiz